000 00748cab a2200229 4500
001 WB3507-15
008 090401t1999 xxu||||| |||| 00| 0 eng d
035 _a(Sirsi) u91430
041 _aeng
245 _aPropetry still upbeat
260 _c1999
350 _a0
490 _aIrish Times
_v17 February 1999, 2.5(1)
520 _aResearchers claim that the UK property market remains attractive to investors despite a slowdown in performance during the last quarter of 1998.
650 _aINSTITUTIONAL INVESTMENT
650 _aPROPERTY INVESTMENT
650 _aPROPERTY RETURNS
650 _aPROPERTY YIELDS
690 _aPROPERTY-COMMERCIAL PROPERTY-COMMERCIAL PROPERTY FINANCE AND INVESTMENT
942 _n0
948 _c18/02/1999
999 _c58041
_d58041